000
00315nam a2200121Ia 4500
008
220204s9999 xx 000 0 und d
082
_a
052
_b
MAD
245
0
_a
Space science
260
_a
Trivandrum
_b
Kerala Sastra Sahitya Parishat
_c
1977
650
_a
Space Science
700
_a
MADHAVA PANICKER, P R
942
_c
BK
999
_c
26341
_d
26341